Sports Quiz

Random Sports or Clickable Quiz

Summer Olympic Games Venue (1896-2016) Quiz Stats

 Plays Quiz not verified by Sporcle

Score 0/31 Timer 15:00
0 Plays Today
% Correct
???
62.2%
???
61.9%
???
58.7%
???
49.9%
???
49%
???
41.9%
???
41.3%
???
38.1%
???
36.3%
???
36%
???
35.7%
???
35.4%
???
35.4%
???
35.1%
???
34.5%
???
33.9%
% Correct
???
33.3%
???
33%
???
32.7%
???
31.3%
???
31%
???
30.7%
???
28.6%
???
28.6%
???
26.5%
???
24.2%
???
23.3%
???
23.3%
???
21.8%
???
21.5%
???
18.9%

You're not logged in!

Compare scores with friends on all Sporcle quizzes.
OR
Log In

Sporcle TV

Today on Sporcle TV


Watch our educational content, quiz creation guides, and fun videos on Sporcle TV.

Show Comments

Extras

Created Aug 1, 2016ReportNominate
Tags:Clickable Quiz, place, summer, venue

Top Quizzes Today


Score Distribution

Your Account Isn't Verified!

In order to create a playlist on Sporcle, you need to verify the email address you used during registration. Go to your Sporcle Settings to finish the process.

Report this User

Report this user for behavior that violates our Community Guidelines.

Details: